000 00466nam a2200193 a 4500
001 1757513025059
003 ACL
005 20250910193608.0
008 250910s2009##################000#0#eng##
020 _a9780521721554
082 0 4 _a790.1
_bBUD
100 1 _aBudden, Joanna,
_eauthor.
245 1 0 _aTeen World :
260 _bCambridge University Press,
_c2009.
300 _a113 pages
650 0 _aEducation.
942 _cENGLISH
040 _aACL
_beng
_cACL
999 _c586430
_d586430